<?xml version="1.0" encoding="UTF-8"?>
<record
    xmlns:xsi="http://www.w3.org/2001/XMLSchema-instance"
    xsi:schemaLocation="http://www.loc.gov/MARC21/slim http://www.loc.gov/standards/marcxml/schema/MARC21slim.xsd"
    xmlns="http://www.loc.gov/MARC21/slim">

  <leader>00784nam a22001577a 4500</leader>
  <controlfield tag="003">OSt</controlfield>
  <controlfield tag="005">20150921163448.0</controlfield>
  <controlfield tag="008">150921b        xxu||||| |||| 00| 0 eng d</controlfield>
  <datafield tag="040" ind1=" " ind2=" ">
    <subfield code="c">RUA</subfield>
  </datafield>
  <datafield tag="082" ind1=" " ind2=" ">
    <subfield code="a">AGR EM 2009 BO43 Or.1</subfield>
  </datafield>
  <datafield tag="100" ind1=" " ind2=" ">
    <subfield code="9">1041</subfield>
    <subfield code="a">ME, SOTHEARY</subfield>
  </datafield>
  <datafield tag="245" ind1=" " ind2=" ">
    <subfield code="a">EFFECT OF ORGANIC FERTILIZER ON GARLAND CHRYSANTHEMUM CULTIVATED UNDER SHADE NET AT ROYAL UNIVERSITY OF AGRICULTURE &#x17A5;&#x1791;&#x17D2;&#x1792;&#x17B7;&#x1796;&#x179B;&#x1787;&#x17B8;&#x179F;&#x179A;&#x17B8;&#x179A;&#x17B6;&#x1784;&#x17D2;&#x1782;&#x179B;&#x17BE;&#x178A;&#x17C6;&#x178E;&#x17B6;&#x17C6;&#x178F;&#x17B6;&#x17C6;&#x1784;&#x17A2;&#x17C4;&#x179A;&#x1780;&#x17D2;&#x179A;&#x17C4;&#x1798;&#x1798;&#x17D2;&#x179B;&#x1794;&#x17CB;&#x179F;&#x17C6;&#x178E;&#x17B6;&#x1789;&#x17CB;&#x1781;&#x17C0;&#x179C; &#x1793;&#x17C5;&#x179F;&#x17D2;&#x17A0;&#x17B6;&#x1793;&#x17B8;&#x1799;&#x17CD;&#x1796;&#x17B7;&#x179F;&#x17C4;&#x1792;&#x1793;&#x17CD;&#x178A;&#x17C6;&#x178E;&#x17B6;&#x17C6;&#x1793;&#x17C3;&#x179F;&#x17B6;&#x1780;&#x179B;&#x179C;&#x17B7;&#x1791;&#x17D2;&#x1799;&#x17B6;&#x179B;&#x17D0;&#x1799;&#x1797;&#x17BC;&#x1798;&#x17B7;&#x1793;&#x17D2;&#x1792;&#x1780;&#x179F;&#x17B7;&#x1780;&#x1798;&#x17D2;&#x1798;.</subfield>
  </datafield>
  <datafield tag="260" ind1=" " ind2=" ">
    <subfield code="a">PHNOM PHEN</subfield>
    <subfield code="b">RUA</subfield>
    <subfield code="c">2009</subfield>
  </datafield>
  <datafield tag="300" ind1=" " ind2=" ">
    <subfield code="a">XIII,53P</subfield>
    <subfield code="b">ILL.</subfield>
    <subfield code="c">29CMM.</subfield>
  </datafield>
  <datafield tag="942" ind1=" " ind2=" ">
    <subfield code="2">ddc</subfield>
    <subfield code="c">AGR</subfield>
  </datafield>
  <datafield tag="999" ind1=" " ind2=" ">
    <subfield code="c">1000</subfield>
    <subfield code="d">1000</subfield>
  </datafield>
  <datafield tag="952" ind1=" " ind2=" ">
    <subfield code="0">0</subfield>
    <subfield code="1">0</subfield>
    <subfield code="2">ddc</subfield>
    <subfield code="4">0</subfield>
    <subfield code="6">AGR_EM_2009_000000000000000_BO43_OR_1</subfield>
    <subfield code="7">0</subfield>
    <subfield code="9">4137</subfield>
    <subfield code="a">LBB</subfield>
    <subfield code="b">LBB</subfield>
    <subfield code="c">B043</subfield>
    <subfield code="d">2015-09-21</subfield>
    <subfield code="l">4</subfield>
    <subfield code="o">AGR EM 2009 BO43 Or.1</subfield>
    <subfield code="p">RUA000488  </subfield>
    <subfield code="r">2023-05-24</subfield>
    <subfield code="s">2023-05-10</subfield>
    <subfield code="w">2015-09-21</subfield>
    <subfield code="y">AGR</subfield>
  </datafield>
  <datafield tag="952" ind1=" " ind2=" ">
    <subfield code="0">0</subfield>
    <subfield code="1">0</subfield>
    <subfield code="2">ddc</subfield>
    <subfield code="4">0</subfield>
    <subfield code="6">AGR_EM_2009_000000000000000_BO43_OR_3</subfield>
    <subfield code="7">0</subfield>
    <subfield code="9">4947</subfield>
    <subfield code="a">LBB</subfield>
    <subfield code="b">LBB</subfield>
    <subfield code="c">B043</subfield>
    <subfield code="d">2015-09-24</subfield>
    <subfield code="l">4</subfield>
    <subfield code="m">1</subfield>
    <subfield code="o">AGR EM 2009 BO43 Or.3</subfield>
    <subfield code="p">RUA000544</subfield>
    <subfield code="r">2023-06-20</subfield>
    <subfield code="s">2023-06-05</subfield>
    <subfield code="w">2015-09-24</subfield>
    <subfield code="y">AGR</subfield>
  </datafield>
  <datafield tag="952" ind1=" " ind2=" ">
    <subfield code="0">0</subfield>
    <subfield code="1">0</subfield>
    <subfield code="2">ddc</subfield>
    <subfield code="4">0</subfield>
    <subfield code="6">AGR_EM_2009_000000000000000_BO43_OR_2</subfield>
    <subfield code="7">0</subfield>
    <subfield code="9">4948</subfield>
    <subfield code="a">LBB</subfield>
    <subfield code="b">LBB</subfield>
    <subfield code="c">B043</subfield>
    <subfield code="d">2015-09-24</subfield>
    <subfield code="l">3</subfield>
    <subfield code="o">AGR EM 2009 BO43 Or.2</subfield>
    <subfield code="p">RUA008267</subfield>
    <subfield code="r">2019-12-28</subfield>
    <subfield code="s">2019-12-07</subfield>
    <subfield code="w">2015-09-24</subfield>
    <subfield code="y">AGR</subfield>
  </datafield>
</record>
